000 01021cam a2200277 i 4500
003 SA-RiAUC
005 20260415122432.0
008 260414s1946 sy g 000 0 ara c
040 _aSA-JeALM
_bara
_cSA-RiAUC
_erda
041 1 _aara
_hund
082 0 4 _a257.1
090 _a257.1
_bص ب ح
100 _aصبح، عبدالمجيد حامد.
_eمؤلف.
245 0 2 _aالخلافة /
_cعبد المجيد حامد صبح
250 _aالطبعة الاولى.
264 1 _aالمنصورة. مصر :
_bدار الكلمة،
_c1997
300 _a48 صفحة
_c16 سم.
336 _aنص
_btxt
_2rdacontent
_3كتاب
337 _aبدون وسيط
_bn
_2rdamedia
490 _aمن قضايا الإسلام والمسلمين في الغرب
_v10
650 7 _aالأحكام السلطانية
_2aucsh
650 7 _aالنظام السياسي في الإسلام
_2aucsh
650 7 _aالإسلام
_xجوانب سياسية
_2aucsh
942 _2ddc
_cBOOK
_n0
949 _aSA-JeALM
_d260414
_uosman123
_n1
999 _c14779
_d14779